Govt. of
Madhya Pradesh

Sardar Vallabhbhai Patel The Nation Builder (Record no. 13733)

MARC details
000 -LEADER
fixed length control field 003940000a22001570004500
001 - CONTROL NUMBER
control field 001817
003 - CONTROL NUMBER IDENTIFIER
control field MACL
040 ## - CATALOGING SOURCE
Original cataloging agency MACL
090 ## - LOCALLY ASSIGNED LC-TYPE CALL NUMBER (OCLC); LOCAL CALL NUMBER (RLIN)
-- 13810
-- 13809
100 ## - MAIN ENTRY--PERSONAL NAME
Personal name Reddy P.L. Sanjeev,
245 ## - TITLE STATEMENT
Title Sardar Vallabhbhai Patel The Nation Builder
Statement of responsibility, etc. Reddy P.L. Sanjeev
260 ## - PUBLICATION, DISTRIBUTION, ETC. (IMPRINT)
Place of publication, distribution, etc. Indian Institute Of Public Administration,
Date of publication, distribution, etc. 2004
350 ## - PRICE (NR) (BK AM CF MU VM SE) [OBSOLETE]
Price 490
650 ## - SUBJECT ADDED ENTRY--TOPICAL TERM
Topical term or geographic name as entry element Biography
942 ## - ADDED ENTRY ELEMENTS (KOHA)
Call number prefix 920
Koha item type Library Membar
Holdings
Withdrawn status Lost status Damaged status Not for loan Home library Current library Date acquired Total Checkouts Full call number Barcode Date last seen Uniform Resource Identifier Price effective from Koha item type
        MACL MACL 15/04/2015   920 Book CRE21035 29/04/2015 13612 15/04/2015 Books